Statistics for Deadliest Countries for Natural Disasters

Click here to take the quiz!

General Stats

  • This quiz has been taken 11,129 times
  • The average score is 9 of 20

Answer Stats

% Disaster Country % Correct
0.41TsunamiIndonesia
91%
2.71EarthquakeHaiti
78%
0.91TsunamiSri Lanka
59%
0.46Tropical cycloneBangladesh
55%
0.22EarthquakePakistan
51%
0.85EarthquakeIran
49%
0.29EarthquakeNepal
47%
0.86Tropical cycloneMyanmar
46%
0.19TsunamiPapua New Guinea
44%
0.20EarthquakeTurkey
41%
0.31TsunamiMaldives
40%
0.20EarthquakeAfghanistan
36%
0.23LandslideBhutan
34%
0.64TsunamiSamoa
30%
1.25Tropical cycloneHonduras
29%
0.44Tropical cycloneVanuatu
28%
0.26Tropical cycloneNicaragua
28%
0.82LandslideVenezuela
28%
0.26Tropical cycloneF.S. Micronesia
27%
0.22Tropical stormEl Salvador
27%

Score Distribution

Percentile by Number Answered

Percent of People with Each Score

Your Score History

You have not taken this quiz